Teoría de los objetos /

Guardado en:
Detalles Bibliográficos
Autor principal: Moles, Abraham (autor)
Formato: Libro
Idioma:Español
Publicado: Barcelona, España : Gustavo Gili, 1975, c1975
Colección:(Comunicación Visual)
Temas:
Etiquetas: Agrega una etiqueta
Sin etiquetas, Sé el primero en etiquetar este registro!

MARC

LEADER 00000nam^a2200000^a^4500
001 000002075
005 20250521000000.0
009 20260310083132.806
020 |a 84-252-0786-X 
037 |a Acervo ITESO - Biblioteca 
041 |a ESP 
082 |a 302. 2  |b MOL 
100 |a Moles, Abraham  |e (autor) 
245 1 0 |a Teoría de los objetos /  |c A. Moles ; tr. por Laura Pla Bacín. 
264 4 |a Barcelona, España :  |b Gustavo Gili,  |c 1975, c1975 
300 |a 191 p. 
336 |a texto  |b txt  |2 rdacontenido 
337 |a sin mediación  |b n  |2 rdamedio 
338 |a volumen  |b nc  |2 rdasoporte 
440 1 |a (Comunicación Visual) 
500 |a Traducción de: Théorie des objets 
649 |a XX 
650 |a Proceso de Comunicación 
650 |a Comunicación -  |x Teoría 
650 |a Sociología de la Comunicación 
910 |a Fondo General 
920 |a Impresos - Libros 
930 |a Colección General 
905 |a 101 
901 |a 0020750100  |b IT1  |c ACC  |i 002075  |u 20250521 
902 |a https://opac.biblio.iteso.mx/vufind/Record/000002075